Les dauphins du trophée MVP en NBA depuis les années - Statistiques

Statistiques générales
  • Ce quiz a été pris 78 fois
  • Le résultat moyen est 17 sur 27
Statistiques - réponses
Année Réponse % Correct
2023 Nikola Jokic
96%
2020 Lebron James
95%
2018 Lebron James
95%
2014 Lebron James
95%
2006 Lebron James
95%
2009 Kobe Bryant
86%
2019 James Harden
79%
2017 James Harden
79%
2015 James Harden
79%
2005 Shaquille O'neal
77%
2024 Shai Gilgeous-Alexander
70%
2013 Kevin Durant
68%
2012 Kevin Durant
68%
2010 Kevin Durant
68%
2004 Tim Duncan
68%
2001 Tim Duncan
68%
2007 Steve Nash
58%
2003 Kevin Garnett
51%
2000 Kevin Garnett
51%
2016 Kawhi Leonard
49%
2022 Joel Embid
40%
2021 Joel Embid
40%
1998 Karl Malone
37%
2008 Chris Paul
33%
2011 Dwight Howard
32%
2002 Jason Kidd
23%
1999 Alonzo Mourning
12%
Aucun quiz correspondant
Distribution des résultats
% des personnes avec chaque résultat
Percentile par nombre de réponses
Votre historique - résultats
Vous n’avez pas pris ce quiz